| 000 | 01753cad a22002415a 4500 | ||
|---|---|---|---|
| 001 | L146741 | ||
| 008 | 090223e20090219xxkd f s f000 0 eng d | ||
| 035 | _a(Sirsi) u146741 | ||
| 041 | 0 | _aeng | |
| 110 | 1 |
_aUnited Kingdom _bDepartment for Communities and Local Government _94939 |
|
| 245 | 0 | 0 |
_aHouse building _bDecember Quarter 2008 _h[electronic resource] |
| 260 | _c2008 | ||
| 490 | 0 |
_aDCLG Housing Statistical Release _vDecember Quarter 2008, 19 February 2009 |
|
| 505 | 2 | _aStarts and completions in England -- Tenure trends -- Regional trends -- House building targets -- Data collection -- Accompanying tables -- Background notes | |
| 520 | _aReports on house building starts and completions during the period of October to December 2008 in the UK. Updates statistics published in November 2008. Accompanying tables are available alongside this document on the website. From October to December 2008, there were around 16,300 new house building starts in England, down by 58% compared with the same quarter in 2007. An estimate of 32,300 houses was completed, representing a fall of 25% compared to the same quarter in 2007. For 2008, the estimate for house building starts is 105,000, a 37% decline compared with 2007.The figure for completions for the same period is 141,900 and corresponds to a decrease of 19% from 2007. | ||
| 590 | _aKA NTK | ||
| 650 | 2 | 4 | _aDCLG QUARTERLY HOUSE BUILDING STATISTICS |
| 651 | 4 |
_aUnited Kingdom _y |
|
| 690 | _aPROPERTY-RESIDENTIAL PROPERTY-RESIDENTIAL PROPERTY DEVELOPMENT | ||
| 690 | _aBUILT ENVIRONMENT-CONSTRUCTION MARKET | ||
| 856 | 4 | 0 |
_uhttps://www.communities.gov.uk/publications/corporate/statistics/housebuildingq42008 _zView the item free of charge at www.communities.gov.uk... |
| 942 | _n0 | ||
| 999 |
_c109274 _d109274 |
||